Les Présidents de la République Française - Mort Subite - Statistiques

Statistiques générales
  • Ce quiz a été pris 201 fois
  • Le résultat moyen est 11 sur 18
Answers on the Grid
Answers color-coded by a green-red scale on the quiz's grid according to % correct below.
Théophile Delcassé
Léon Gambetta
Léon Blum
Jules Ferry
Joseph Fouché
Jean Jaurès
Georges Clemenceau
François Guizot
Dominique de Villepin
Benjamin Constant
Aristide Briand
Alexis de Tocqueville
Vincent Auriol
Sadi Carnot
René Coty
Raymond Poincaré
Paul Deschanel
Patrice de Mac Mahon
Nicolas Sarkozy
Jacques Chirac
Gaston Doumergue
François Mitterrand
François Hollande
Félix Faure
Emmanuel Macron
Charles de Gaulle
Armand Fallières
Alexandre Millerand
Albert Lebrun
Adolphe Thiers
 
Statistiques - réponses
Réponse % Correct
Nicolas Sarkozy
97%
Emmanuel Macron
95%
François Mitterrand
95%
François Hollande
90%
Charles de Gaulle
88%
Jacques Chirac
88%
René Coty
62%
Raymond Poincaré
58%
Adolphe Thiers
57%
Paul Deschanel
55%
Vincent Auriol
53%
Félix Faure
52%
Sadi Carnot
50%
Patrice de Mac Mahon
45%
Albert Lebrun
42%
Alexandre Millerand
42%
Gaston Doumergue
38%
Armand Fallières
33%
Aucun quiz correspondant
Distribution des résultats
% des personnes avec chaque résultat
Percentile par nombre de réponses
Votre historique - résultats
Vous n’avez pas pris ce quiz